Balance, consolidación y desafíos en vivienda familiar / (Registro nro. 5855)
[ vista simple ]
| 000 -LEADER | |
|---|---|
| fixed length control field | 00984nab a22002177a 4500 |
| 003 - CONTROL NUMBER IDENTIFIER | |
| control field | OSt |
| 005 - DATE AND TIME OF LATEST TRANSACTION | |
| control field | 20260108221254.0 |
| 008 - FIXED-LENGTH DATA ELEMENTS--GENERAL INFORMATION | |
| fixed length control field | 190514b xxu||||| |||| 00| 0 spa d |
| 040 ## - CATALOGING SOURCE | |
| Transcribing agency | PJ |
| 100 ## - MAIN ENTRY--PERSONAL NAME | |
| 9 (RLIN) | 5888 |
| Personal name | Delgado Solis, Elba Érika |
| 245 10 - TITLE STATEMENT | |
| Title | Balance, consolidación y desafíos en vivienda familiar / |
| Statement of responsibility, etc | Erika Delgado Solis, Sonia C. Seba. |
| 300 ## - PHYSICAL DESCRIPTION | |
| Extent | p. 133-146 |
| 505 ## - FORMATTED CONTENTS NOTE | |
| Formatted contents note | Sumario: I. Palabras preliminares.— II. Principios sobre la vivienda digna como un derecho humano.— III. Regulación de la figura de la vivienda en el Cód. Civ. y Com.— IV. Breves palabras de cierre |
| 505 ## - FORMATTED CONTENTS NOTE | |
| Title | Si te interesa el texto, comunicate a koha@justierradelfuego.gov.ar |
| 650 #0 - SUBJECT ADDED ENTRY--TOPICAL TERM | |
| 9 (RLIN) | 1497 |
| Topical term or geographic name as entry element | CODIGO CIVIL Y COMERCIAL |
| 650 #0 - SUBJECT ADDED ENTRY--TOPICAL TERM | |
| 9 (RLIN) | 967 |
| Topical term or geographic name as entry element | DERECHO DE FAMILIA |
| 650 #0 - SUBJECT ADDED ENTRY--TOPICAL TERM | |
| 9 (RLIN) | 5362 |
| Topical term or geographic name as entry element | VIVIENDA FAMILIAR |
| 700 ## - ADDED ENTRY--PERSONAL NAME | |
| 9 (RLIN) | 4340 |
| Personal name | Seba, Sonia Cristina |
| Función | coautor |
| 773 0# - HOST ITEM ENTRY | |
| Host Biblionumber | 2844 |
| Host Itemnumber | 3222 |
| Place, publisher, and date of publication | Buenos Aires : AbeledoPerrot, 1989- |
| Title | Derecho de familia. N° 120 - Julio 2025 |
| International Standard Book Number | 18511201 |
| 942 ## - ADDED ENTRY ELEMENTS (KOHA) | |
| Source of classification or shelving scheme | |
| Koha item type | Analítica Artículo de Revista |
No hay ítems disponibles.
